The Perception of selected workers of EPZA, Cavity on the effectiveness of oral and topical pain. (Record no. 96352)
[ view plain ]
| 000 -LEADER | |
|---|---|
| fixed length control field | 00337nam a2200109 a 4500 |
| 005 - DATE AND TIME OF LATEST TRANSACTION | |
| control field | 20140408090027.0 |
| 008 - FIXED-LENGTH DATA ELEMENTS--GENERAL INFORMATION | |
| fixed length control field | 021125s19uu xx 00 eng d |
| 050 ## - LIBRARY OF CONGRESS CALL NUMBER | |
| Classification number | PHS '00 |
| Item number | Su3 #41 |
| 100 ## - MAIN ENTRY--PERSONAL NAME | |
| Personal name | Suh, Joon Hyuk, |
| 245 ## - TITLE STATEMENT | |
| Title | The Perception of selected workers of EPZA, Cavity on the effectiveness of oral and topical pain. |
| 942 ## - ADDED ENTRY ELEMENTS (KOHA) | |
| Koha item type | PASS |
| Withdrawn status | Lost status | Damaged status | Home library | Current library | Shelving location | Date acquired | Source of acquisition | Total Checkouts | Full call number | Barcode | Date last seen | Price effective from | Koha item type |
|---|---|---|---|---|---|---|---|---|---|---|---|---|---|
| Luxembourg Library | Luxembourg Library | Portfolio Assessment of SISC Students Section | 11/25/2002 | PHS '00 Su3 #41 | P0291 | 04/08/2014 | 04/08/2014 | PASS |